Bài tập toán 7 T.2
Đã lưu trong:
| 其他作者: | , |
|---|---|
| 格式: | 圖書 |
| 語言: | Vietnamese |
| 出版: |
HÀ Nội
Giáo dục
2003
|
| 版: | Tái bản lần thứ 3 |
| 主題: | |
| 標簽: |
添加標簽
沒有標簽, 成為第一個標記此記錄!
|
| Thư viện lưu trữ: | Trung tâm Học liệu Lê Vũ Hùng, Trường Đại học Đồng Tháp |
|---|
| LEADER | 00772pam a22002538a 4500 | ||
|---|---|---|---|
| 001 | 00042272 | ||
| 005 | 20180906090953.0 | ||
| 008 | 110815s2006 ||||||viesd | ||
| 020 | # | # | |c 3200 |
| 041 | 0 | # | |a vie |
| 082 | 1 | # | |a 510.76 |b B103T |
| 245 | 0 | 0 | |a Bài tập toán 7 |c Tôn Thân (ch.b)...[và nh. ng. khác] |n T.2 |
| 250 | # | # | |a Tái bản lần thứ 3 |
| 260 | # | # | |a HÀ Nội |b Giáo dục |c 2003 |
| 300 | # | # | |a 75 tr. |b hình vẽ |c 24 cm. |
| 650 | # | # | |a Bài tập |
| 650 | # | # | |a Toán |
| 650 | # | # | |a Sách giáo khoa |
| 650 | # | # | |a Lớp 7 |
| 700 | 1 | # | |a Vũ Hữu Bình |
| 700 | 1 | # | |a Tôn Thân |e ch.b |
| 852 | # | # | |j KGT.0054433 |
| 910 | |d 06/09/2018 | ||
| 980 | # | # | |a Trung tâm Học liệu Lê Vũ Hùng, Trường Đại học Đồng Tháp |